[Event "Nove Zamky op"]
[Site "Nove Zamky"]
[Date "2009.08.13"]
[Round "3"]
[White "Jendrichovsky, Peter"]
[Black "Alaxa, Marek"]
[Result "1-0"]
[WhiteElo "2147"]
[BlackElo "1994"]
[PlyCount "57"]
[EventDate "2009.08.12"]
[EventType "swiss"]
[EventRounds "7"]
[EventCountry "SVK"]
[SourceTitle "CBM 132 Extra"]
[Source "ChessBase"]
[SourceDate "2009.11.03"]
[SourceVersion "1"]
[SourceVersionDate "2009.11.03"]
[SourceQuality "1"]

1. c4 c6 2. g3 d5 3. Bg2 Nf6 4. Nf3 e6 5. b3 Be7 6. Bb2 0-0 7. 0-0 Nbd7 8. Nc3 b6 9. Rc1 Bb7 10. d4 dxc4 11. bxc4 c5 12. d5 exd5 13. cxd5 Bd6 14. e4 Ne5 15. Nb5 Nxf3+ 16. Qxf3 Bb8 17. Rfd1 a6 18. Na3 Re8 19. Bxf6 Qxf6 20. Qxf6 gxf6 21. Nc4 Bc7 22. a4 b5 23. Na3 bxa4 24. d6 Bd8 25. Rxc5 Re5 26. Rc4 Ra5 27. Bh3 h5 28. Re1 Ra7 29. Rb4 1-0

[Event "Nove Zamky op"]
[Site "Nove Zamky"]
[Date "2008.08.08"]
[Round "4"]
[White "Alaxa, Marek"]
[Black "Istvanovszky, Martin"]
[Result "0-1"]
[WhiteElo "1999"]
[BlackElo "2204"]
[PlyCount "60"]
[EventDate "2008.08.06"]
[EventType "swiss"]
[EventRounds "7"]
[EventCountry "SVK"]
[SourceTitle "EXT 2010"]
[Source "ChessBase"]
[SourceDate "2010.11.25"]
[SourceVersion "1"]
[SourceVersionDate "2010.11.25"]
[SourceQuality "1"]

1. d4 Nf6 2. Nf3 c5 3. d5 b5 4. e3 Bb7 5. c4 d6 6. b3 g6 7. Bb2 b4 8. Bd3 Bg7 9. 0-0 e5 10. dxe6 fxe6 11. Ng5 Qe7 12. Qc2 0-0 13. Nd2 Nbd7 14. Rae1 a5 15. f4 a4 16. e4 axb3 17. axb3 Nh5 18. Bxg7 Kxg7 19. Nh3 e5 20. f5 gxf5 21. exf5 Ndf6 22. Ne4 Kh8 23. Nhg5 Rg8 24. Rf3 Nf4 25. Rg3 N6h5 26. f6 Nxf6 27. Nxf6 Qxf6 28. Nxh7 Qh4 29. Rf1 Rxg3 30. hxg3 Qxg3 0-1

[Event "SVK-chT2B 0708"]
[Site "Slovakia"]
[Date "2007.12.02"]
[Round "6.1"]
[White "Joba, Pavol"]
[Black "Alaxa, Marek"]
[Result "1/2-1/2"]
[WhiteElo "1995"]
[BlackElo "1986"]
[PlyCount "60"]
[EventDate "2007.10.06"]
[EventType "team-tourn"]
[EventRounds "11"]
[EventCountry "SVK"]
[SourceTitle "EXT 2010"]
[Source "ChessBase"]
[SourceDate "2010.11.25"]
[SourceVersion "1"]
[SourceVersionDate "2010.11.25"]
[SourceQuality "1"]
[WhiteTeam "Batorove Kosihy"]
[BlackTeam "Nove Zamky Basta II"]
[WhiteTeamCountry "SVK"]
[BlackTeamCountry "SVK"]

1. d4 d5 2. c4 e6 3. Nf3 Nf6 4. e3 c6 5. Nc3 Nbd7 6. Bd2 Bd6 7. Bd3 0-0 8. 0-0 e5 9. cxd5 cxd5 10. e4 exd4 11. Nxd4 Ne5 12. Qc2 Nxd3 13. Qxd3 dxe4 14. Nxe4 Nxe4 15. Qxe4 Re8 16. Qd3 Be6 17. Bc3 Rc8 18. Rfd1 Bc4 19. Qh3 Qc7 20. Nf5 Be6 21. g4 Be5 22. Rd3 Bxf5 23. gxf5 Bxc3 24. Rxc3 Qf4 25. Rac1 Rxc3 26. Rxc3 Qg5+ 27. Kf1 Qd2 28. Re3 Qc1+ 29. Kg2 Qc6+ 30. Qf3 Qxf3+ 1/2-1/2

[Event "SVK-chT2B 0708"]
[Site "Slovakia"]
[Date "2007.11.04"]
[Round "4.4"]
[White "Alaxa, Marek"]
[Black "Detko, Rastislav"]
[Result "1-0"]
[WhiteElo "1986"]
[BlackElo "1896"]
[PlyCount "79"]
[EventDate "2007.10.06"]
[EventType "team-tourn"]
[EventRounds "11"]
[EventCountry "SVK"]
[SourceTitle "EXT 2010"]
[Source "ChessBase"]
[SourceDate "2010.11.25"]
[SourceVersion "1"]
[SourceVersionDate "2010.11.25"]
[SourceQuality "1"]
[WhiteTeam "Nove Zamky Basta II"]
[BlackTeam "Prievidza SK II"]
[WhiteTeamCountry "SVK"]
[BlackTeamCountry "SVK"]

1. d4 Nf6 2. Nf3 e6 3. c4 Bb4+ 4. Nc3 Bxc3+ 5. bxc3 0-0 6. g3 b6 7. Bg2 Bb7 8. 0-0 d6 9. Nd2 Bxg2 10. Kxg2 Nbd7 11. e3 a5 12. Qf3 Ra7 13. Ba3 Qa8 14. Qxa8 Raxa8 15. Rab1 Rab8 16. f4 Rfe8 17. h3 e5 18. fxe5 dxe5 19. Rbe1 exd4 20. exd4 h6 21. Kf2 Rxe1 22. Rxe1 Re8 23. Re7 Rxe7 24. Bxe7 c6 25. a4 g5 26. Kf3 Kg7 27. Ne4 Ne8 28. Nd6 Nxd6 29. Bxd6 f5 30. Bc7 Kf6 31. c5 bxc5 32. Bxa5 cxd4 33. cxd4 Nb8 34. Bd2 Na6 35. a5 Ke6 36. h4 Kf6 37. h5 Ke6 38. Bc1 Kd5 39. Bxg5 Kxd4 40. Bxh6 1-0

[Event "SVK-chT2B 0607"]
[Site "Slovakia"]
[Date "2006.10.15"]
[Round "2.2"]
[White "Sabik, Robert"]
[Black "Alaxa, Marek"]
[Result "1-0"]
[WhiteElo "2042"]
[BlackElo "1989"]
[PlyCount "61"]
[EventDate "2006.10.14"]
[EventType "team-tourn"]
[EventRounds "11"]
[EventCountry "SVK"]
[SourceTitle "EXT 2008"]
[Source "ChessBase"]
[SourceDate "2007.11.25"]
[SourceVersion "1"]
[SourceVersionDate "2007.11.25"]
[SourceQuality "1"]
[WhiteTeam "Topolcianky"]
[BlackTeam "Nove Zamky II"]
[WhiteTeamCountry "SVK"]
[BlackTeamCountry "SVK"]

1. d4 d5 2. Nf3 Nf6 3. c4 dxc4 4. Qa4+ c6 5. Qxc4 Be6 6. Qc2 g6 7. Nc3 Bg7 8. e4 0-0 9. Be2 Bg4 10. Be3 Qa5 11. 0-0 Na6 12. a3 Nd7 13. b4 Qd8 14. h3 Bxf3 15. Bxf3 e5 16. d5 c5 17. b5 Nc7 18. Rfd1 h6 19. Qb3 b6 20. a4 a6 21. bxa6 Rxa6 22. Be2 Ra5 23. Nb5 Ne8 24. Ra2 Qb8 25. Rda1 Nd6 26. f3 Rd8 27. Bd2 Ra8 28. a5 Nxb5 29. Qxb5 bxa5 30. Bxa5 Qxb5 31. Bxb5 1-0

[Event "SVK-chT2B 0506"]
[Site "Slovakia"]
[Date "2006.01.15"]
[Round "7.3"]
[White "Lancz, Ondrej"]
[Black "Alaxa, Marek"]
[Result "1/2-1/2"]
[WhiteElo "2117"]
[BlackElo "2009"]
[PlyCount "86"]
[EventDate "2005.10.22"]
[EventType "team-tourn"]
[EventRounds "11"]
[EventCountry "SVK"]
[SourceTitle "EXT 2008"]
[Source "ChessBase"]
[SourceDate "2007.11.25"]
[SourceVersion "1"]
[SourceVersionDate "2007.11.25"]
[SourceQuality "1"]

1. d4 d5 2. c4 c6 3. Nc3 Nf6 4. cxd5 cxd5 5. Bf4 Nc6 6. e3 Bf5 7. Nf3 e6 8. Bb5 Nd7 9. 0-0 Be7 10. Qa4 Qb6 11. Rfc1 0-0 12. Nd1 Rfc8 13. h3 a6 14. Bxc6 Rxc6 15. Rxc6 Qxc6 16. Qxc6 bxc6 17. Ne5 Nxe5 18. Bxe5 c5 19. dxc5 Bxc5 20. Rc1 Bb6 21. Rc6 Ba5 22. Bc3 Bd8 23. b4 Bd3 24. a4 Be7 25. f3 Bc2 26. Nb2 Bb3 27. b5 axb5 28. axb5 f6 29. b6 Rb8 30. Ba5 e5 31. Rc7 Bd8 32. Rc3 Ba2 33. b7 Rxb7 34. Bxd8 Rxb2 35. Rc8 Kf7 36. Ba5 Rb5 37. Bc3 Rb7 38. Kf2 Bc4 39. Ra8 h5 40. Ra1 h4 41. f4 Rb3 42. Rc1 exf4 43. exf4 Bd3 1/2-1/2

[Event "SVK-chT2B 0506"]
[Site "Slovakia"]
[Date "2005.12.18"]
[Round "6.4"]
[White "Siroky, Jan"]
[Black "Alaxa, Marek"]
[Result "1-0"]
[WhiteElo "2221"]
[BlackElo "2009"]
[PlyCount "156"]
[EventDate "2005.10.22"]
[EventType "team-tourn"]
[EventRounds "11"]
[EventCountry "SVK"]
[SourceTitle "EXT 2008"]
[Source "ChessBase"]
[SourceDate "2007.11.25"]
[SourceVersion "1"]
[SourceVersionDate "2007.11.25"]
[SourceQuality "1"]

1. e4 e5 2. Nf3 Nc6 3. Bb5 a6 4. Ba4 Nf6 5. d3 b5 6. Bb3 Bc5 7. Bg5 h6 8. Bh4 0-0 9. Bd5 Bb7 10. 0-0 Be7 11. Bb3 d6 12. c3 Re8 13. Nbd2 Na5 14. Bc2 c5 15. Re1 Rc8 16. Nf1 c4 17. d4 Nc6 18. d5 Nb8 19. Bg3 Nbd7 20. N3d2 g6 21. h3 Nh5 22. Ne3 Bg5 23. Kh2 Nc5 24. Nf3 Bf4 25. Ng4 Kg7 26. Ng1 Bg5 27. Nf3 Bf4 28. Ng1 Bg5 29. Qf3 Nf4 30. Ne2 h5 31. Ne3 Nfd3 32. Bxd3 Nxd3 33. Kg1 Nxe1 34. Rxe1 Qf6 35. Qxf6+ Bxf6 36. f3 a5 37. Nc2 Ba6 38. Bf2 Rb8 39. a3 Bg5 40. Kf1 Bc8 41. Rd1 f5 42. Ng3 h4 43. Nh1 fxe4 44. fxe4 Rf8 45. Kg1 Bd8 46. Kh2 Rb7 47. Rd2 g5 48. Ne1 g4 49. hxg4 Bxg4 50. Nc2 Bg5 51. Be3 Bf4+ 52. Bxf4 Rxf4 53. Nf2 Rbf7 54. Kg1 h3 55. gxh3 Bf3 56. Ne3 Bxe4 57. a4 Rf3 58. Nxe4 Rxe3 59. Nxd6 Re1+ 60. Kg2 Rff1 61. axb5 Rg1+ 62. Kf3 Rgf1+ 63. Kg4 Rd1 64. Rxd1 Rxd1 65. Nxc4 Rxd5 66. b6 Rb5 67. Kf5 Kf8 68. h4 Ke7 69. h5 e4+ 70. Kxe4 Rxh5 71. b7 Rb5 72. Nxa5 Kd6 73. b4 Kc7 74. Kd4 Rh5 75. Kc4 Rg5 76. b5 Rg8 77. Kc5 Rg5+ 78. Kb4 Rg8 1-0

[Event "SVK-chT2B 0506"]
[Site "Slovakia"]
[Date "2005.12.17"]
[Round "5.3"]
[White "Szegi, Viktor"]
[Black "Alaxa, Marek"]
[Result "1-0"]
[WhiteElo "2126"]
[BlackElo "2009"]
[PlyCount "45"]
[EventDate "2005.10.22"]
[EventType "team-tourn"]
[EventRounds "11"]
[EventCountry "SVK"]
[SourceTitle "EXT 2008"]
[Source "ChessBase"]
[SourceDate "2007.11.25"]
[SourceVersion "1"]
[SourceVersionDate "2007.11.25"]
[SourceQuality "1"]

1. e4 e5 2. Nf3 Nc6 3. Bc4 Bc5 4. c3 Nf6 5. d3 d6 6. 0-0 0-0 7. b4 Bb6 8. a4 a5 9. b5 Ne7 10. Be3 Bxe3 11. fxe3 c6 12. Qe1 d5 13. exd5 cxd5 14. Bb3 Qd6 15. Nbd2 e4 16. dxe4 dxe4 17. Nc4 Qc5 18. Nd4 Ned5 19. Rc1 Bg4 20. Qg3 Bh5 21. Nd6 Qc7 22. c4 Rad8 23. N4f5 1-0

[Event "SVK-chT1W 0405"]
[Site "Slovakia"]
[Date "2005.??.??"]
[Round "6"]
[White "Alaxa, Marek"]
[Black "Palka, Miroslav"]
[Result "1/2-1/2"]
[WhiteElo "2014"]
[BlackElo "2033"]
[PlyCount "42"]
[EventDate "2004.10.??"]
[EventType "team"]
[EventRounds "11"]
[EventCountry "SVK"]
[SourceTitle "EXT 2006"]
[Source "ChessBase"]
[SourceDate "2005.11.24"]
[SourceVersion "1"]
[SourceVersionDate "2005.11.24"]
[SourceQuality "1"]

1. d4 d5 2. c4 c6 3. Nf3 Nf6 4. Nc3 e6 5. e3 Nbd7 6. Qc2 Be7 7. Bd3 dxc4 8. Bxc4 b6 9. 0-0 Bb7 10. Rd1 Qc7 11. e4 h6 12. Be3 0-0 13. Rac1 Ng4 14. Bd2 a6 15. Qb3 e5 16. d5 Bc5 17. Be1 b5 18. dxc6 Bxc6 19. Bd5 Ngf6 20. Bxc6 Qxc6 21. Nd5 Rfe8 1/2-1/2

[Event "SVK-chT1W 0405"]
[Site "Slovakia"]
[Date "2005.??.??"]
[Round "11"]
[White "Krajnak, Robert"]
[Black "Alaxa, Marek"]
[Result "1/2-1/2"]
[WhiteElo "2117"]
[BlackElo "2014"]
[PlyCount "20"]
[EventDate "2004.10.??"]
[EventType "team"]
[EventRounds "11"]
[EventCountry "SVK"]
[SourceTitle "EXT 2006"]
[Source "ChessBase"]
[SourceDate "2005.11.24"]
[SourceVersion "1"]
[SourceVersionDate "2005.11.24"]
[SourceQuality "1"]

1. c4 c5 2. Nf3 Nf6 3. g3 d5 4. cxd5 Nxd5 5. Bg2 Nc6 6. 0-0 g6 7. Nc3 Nxc3 8. bxc3 Bg7 9. e3 0-0 10. d4 Bg4 1/2-1/2

[Event "SVK-chT1W 0405"]
[Site "Slovakia"]
[Date "2005.??.??"]
[Round "8"]
[White "Masarik, Drahoslav"]
[Black "Alaxa, Marek"]
[Result "1/2-1/2"]
[WhiteElo "1990"]
[BlackElo "2014"]
[PlyCount "35"]
[EventDate "2004.10.??"]
[EventType "team"]
[EventRounds "11"]
[EventCountry "SVK"]
[SourceTitle "EXT 2006"]
[Source "ChessBase"]
[SourceDate "2005.11.24"]
[SourceVersion "1"]
[SourceVersionDate "2005.11.24"]
[SourceQuality "1"]

1. d4 d5 2. c4 c6 3. Nf3 Nf6 4. Nc3 e6 5. cxd5 exd5 6. e3 Bd6 7. Be2 Qe7 8. 0-0 0-0 9. Bd2 Re8 10. a3 Nbd7 11. b4 Ne4 12. Na4 Ndf6 13. Nc5 Bc7 14. Rc1 Nxd2 15. Qxd2 Ne4 16. Qc2 g6 17. Nd3 Bd6 18. Qb3 1/2-1/2

[Event "SVK-chT1W 0102"]
[Site "Slovakia"]
[Date "2002.??.??"]
[Round "6"]
[White "Rachela, Jozef"]
[Black "Alaxa, Marek"]
[Result "1-0"]
[WhiteElo "2098"]
[BlackElo "2032"]
[PlyCount "69"]
[EventDate "2001.10.??"]
[EventType "team"]
[EventRounds "11"]
[EventCountry "SVK"]
[SourceTitle "EXT 2007"]
[Source "ChessBase"]
[SourceDate "2006.11.23"]
[SourceVersion "1"]
[SourceVersionDate "2006.11.23"]
[SourceQuality "1"]

1. e4 e6 2. d3 d5 3. Nd2 Nf6 4. g3 Be7 5. Bg2 c5 6. Ngf3 Nc6 7. 0-0 0-0 8. h3 d4 9. Nc4 b5 10. Nce5 Nxe5 11. Nxe5 Qc7 12. f4 Ba6 13. Ng4 Nd7 14. Kh2 Bb7 15. f5 exf5 16. Rxf5 f6 17. c3 Bd6 18. Bf4 Rab8 19. cxd4 Bxf4 20. Rxf4 cxd4 21. Rf5 a6 22. Qb3+ Kh8 23. Qb4 Rbd8 24. Qd2 Rfe8 25. Rc1 Qb6 26. Rcf1 Re6 27. h4 Ne5 28. Nxe5 Rxe5 29. Rxe5 fxe5 30. Rf7 h6 31. Qf2 Bc6 32. Bh3 Qc5 33. Be6 Qd6 34. Qf5 Re8 35. Rxg7 1-0

[Event "SVK-chT3B 0102"]
[Site "Slovakia"]
[Date "2001.??.??"]
[Round "2"]
[White "Alaxa, Marek"]
[Black "Djubek, Boris"]
[Result "0-1"]
[WhiteElo "2035"]
[BlackElo "2185"]
[PlyCount "56"]
[EventDate "2001.10.??"]
[EventType "team"]
[EventRounds "9"]
[EventCountry "SVK"]
[SourceTitle "EXT 2006"]
[Source "ChessBase"]
[SourceDate "2005.11.24"]
[SourceVersion "1"]
[SourceVersionDate "2005.11.24"]
[SourceQuality "1"]

1. d4 d5 2. c4 e6 3. Nc3 Nf6 4. Bg5 Nbd7 5. cxd5 exd5 6. e3 Be7 7. Bd3 c6 8. Nf3 0-0 9. 0-0 Re8 10. Qc2 Nf8 11. Rab1 g6 12. b4 a6 13. a4 Ne6 14. Bh4 Ng7 15. Rfc1 Bf5 16. Bxf5 Nxf5 17. Bg5 Nd6 18. Ne5 Nd7 19. Bxe7 Rxe7 20. Nxd7 Rxd7 21. Rb3 b5 22. Nb1 Nc4 23. Na3 Rb8 24. Rc3 Qe7 25. axb5 axb5 26. Qb1 Ra7 27. Nc2 Rba8 28. h3 Nd2 0-1

[Event "SVK-chB op"]
[Site "Zvolen"]
[Date "2000.08.28"]
[Round "2"]
[White "Alaxa, Marek"]
[Black "Mrazik, Lubomir"]
[Result "1/2-1/2"]
[WhiteElo "2027"]
[BlackElo "2174"]
[PlyCount "26"]
[EventDate "2000.08.27"]
[EventType "swiss"]
[EventRounds "9"]
[EventCountry "SVK"]
[SourceTitle "EXT 2001"]
[Source "ChessBase"]
[SourceDate "2000.11.22"]
[SourceVersion "1"]
[SourceVersionDate "2000.11.22"]
[SourceQuality "1"]

1. d4 d5 2. c4 dxc4 3. e4 e5 4. Nf3 exd4 5. Bxc4 Nc6 6. Qb3 Bb4+ 7. Bd2 Qe7 8. 0-0 Be6 9. Bd5 0-0-0 10. Rc1 Bxd2 11. Nbxd2 Bxd5 12. exd5 Nb4 13. Re1 Qf8 1/2-1/2